• 首页
  • 本馆介绍
  • 公告通知
  • 最新文献
  • 馆藏检索
  • 电子资源
  • 读者导购
  • 参考咨询
  • 我的图书馆
  • 登录
  • 详细信息显示
  • 放入我的书架
  • 预约/预借图书
  • 作者相关作品
  • 分类相关作品
  • 丛书相关作品
  • 出版社相关作品

书目信息

  • 表格格式
  • 工作单格式
  • 卡片格式
题名:
基于大数据的起重装备服役健康管理
    
 
作者: 丁克勤 , 陈力 编著
分册:  
出版信息: 北京   机械工业出版社  2019.01
页数: 199页
开本: 26cm
丛书名:
单 册:
中图分类: TH21
科图分类:
主题词: 机重机械--ji zhong ji xie--产品生命周期--研究
电子资源:
ISBN: 978-7-111-60513-3
000 01102nam0 2200253 450
001 2251077670
005 20220916141140.16
010    @a978-7-111-60513-3@dCNY50.00
100    @a20181205d2019 em y0chiy50 ea
101 0  @achi
102    @aCN@b110000
105    @aak a 000yy
200 1  @a基于大数据的起重装备服役健康管理@Aji yu da shu ju de qi zhong zhuang bei fu yi jian kang guan li@f丁克勤, 陈力编著
210    @a北京@c机械工业出版社@d2019.01
215    @a199页@c图@d26cm
300    @a“十三五”国家重点出版物出版规划项目
320    @a有书目 (第198-199页)
330    @a本书详细剖析了起重装备健康管理需求及其全生命周期数据, 系统阐述了起重装备的结构、机构和电气等三个子系统的健康诊断和故障预测方法, 全面介绍了起重装备整机系统的安全性评价方法以及以可靠性为中心的维修方法, 最后简要介绍了大数据、物联网的先进理论、技术和方法以及所开发的基于大数据的起重装备服役健康管理平台。
606 0  @a机重机械@Aji zhong ji xie@x产品生命周期@x研究
690    @aTH21@v5
701  0 @a丁克勤@Ading ke qin@4编著
701  0 @a陈力@Achen li@4编著
801  0 @aCN@b人天书店@c20181205
905    @aZUCC@dTH21@e6
    
    基于大数据的起重装备服役健康管理/丁克勤, 陈力编著.-北京:机械工业出版社,2019.01
    199页:图;26cm
    “十三五”国家重点出版物出版规划项目
    
    ISBN 978-7-111-60513-3:CNY50.00
    本书详细剖析了起重装备健康管理需求及其全生命周期数据, 系统阐述了起重装备的结构、机构和电气等三个子系统的健康诊断和故障预测方法, 全面介绍了起重装备整机系统的安全性评价方法以及以可靠性为中心的维修方法, 最后简要介绍了大数据、物联网的先进理论、技术和方法以及所开发的基于大数据的起重装备服役健康管理平台。
●
相关链接 在五车中查询图书 在当当中查询图书 在豆瓣中查询图书


正题名:基于大数据的起重装备服役健康管理     索取号:TH21/6         预约/预借

序号 登录号 条形码 馆藏地/架位号 状态 备注
1 2000894787   2000894787   第三书库/ [索取号:TH21/6] 在馆    
2 2000894788   2000894788   第三书库/ [索取号:TH21/6] 在馆    
3 2000894789   2000894789   第三书库/ [索取号:TH21/6] 在馆    
山东省滨州职业学院图书馆 欢迎您!
大连网信软件有限公司© 版权所有